[Event "EU-ch Amateur U2000"]
[Site "Rhodes"]
[Date "2019.04.11"]
[Round "6"]
[White "Mohnblatt, Nicolas"]
[Black "Krzysztynska, Anna"]
[Result "0-1"]
[WhiteElo "1685"]
[BlackElo "1844"]
[PlyCount "118"]
[EventDate "2019.04.06"]
[EventType "swiss"]
[EventRounds "9"]
[EventCountry "GRE"]
[SourceTitle "EXT 2020"]
[Source "ChessBase"]
[SourceDate "2019.10.17"]
[SourceVersion "1"]
[SourceVersionDate "2019.10.17"]
[SourceQuality "1"]

1. c4 Nf6 2. Nc3 g6 3. g3 Bg7 4. Bg2 0-0 5. d3 d6 6. Nf3 e5 7. e4 Nc6 8. h3 Ne7 9. 0-0 c6 10. d4 Nd7 11. dxe5 Nxe5 12. Nxe5 dxe5 13. Qe2 Be6 14. Rb1 f5 15. f4 Qd4+ 16. Be3 Qxc4 17. Qxc4 Bxc4 18. Rfd1 exf4 19. Bxf4 Rad8 20. Bg5 Kf7 21. Rxd8 Rxd8 22. exf5 gxf5 23. b3 Be6 24. Na4 b5 25. Nb2 Bxb2 26. Rxb2 Rd1+ 27. Kf2 Bd5 28. Bf1 Nc8 29. Bd2 Nd6 30. Bf4 Ne4+ 31. Ke2 Ra1 32. Rc2 Rxa2 33. Rxa2 Nc3+ 34. Kd2 Nxa2 35. Kc2 Be4+ 36. Kd2 Nb4 37. Bd6 Nd5 38. b4 Ke6 39. Bc5 a6 40. Be2 Nf6 41. Bd1 Bg2 42. Bb3+ Ke5 43. Ke3 Nd5+ 44. Bxd5 Kxd5 45. h4 a5 46. Kd3 axb4 47. Bxb4 c5 48. Bd2 Be4+ 49. Kc3 b4+ 50. Kb3 Kd4 51. Bg5 Bd5+ 52. Kc2 c4 53. Be7 Be4+ 54. Kc1 Kc3 55. Bf6+ Kb3 56. Kd2 c3+ 57. Kc1 Kc4 58. Be7 b3 59. Ba3 b2+ 0-1

[Event "EU-ch Amateur U2000"]
[Site "Rhodes"]
[Date "2019.04.08"]
[Round "3"]
[White "Mohnblatt, Nicolas"]
[Black "Nagy, Laszlo"]
[Result "0-1"]
[WhiteElo "1685"]
[BlackElo "1949"]
[PlyCount "64"]
[EventDate "2019.04.06"]
[EventType "swiss"]
[EventRounds "9"]
[EventCountry "GRE"]
[SourceTitle "EXT 2020"]
[Source "ChessBase"]
[SourceDate "2019.10.17"]
[SourceVersion "1"]
[SourceVersionDate "2019.10.17"]
[SourceQuality "1"]

1. e4 c5 2. Nf3 a6 3. d4 cxd4 4. Nxd4 Nf6 5. Nc3 e5 6. Nb3 Bb4 7. f3 d5 8. exd5 Nxd5 9. Bd2 Nxc3 10. bxc3 Be7 11. Bd3 0-0 12. 0-0 f5 13. c4 Be6 14. Bc3 Nd7 15. Re1 Bf6 16. Rb1 Qc7 17. Kh1 Rfe8 18. Ba1 g6 19. Qe2 Bf7 20. Qf1 Re7 21. Rbd1 Rc8 22. Nd2 Bg7 23. Qf2 Ree8 24. Rb1 Nc5 25. Nb3 Re7 26. Bb2 e4 27. Ba3 exd3 28. Nxc5 dxc2 29. Rxb7 Rxe1+ 30. Qxe1 Qe5 31. Re7 Qxe1+ 32. Rxe1 Bf8 0-1

[Event "EU-ch Amateur U2000"]
[Site "Rhodes"]
[Date "2019.04.06"]
[Round "1"]
[White "Mohnblatt, Nicolas"]
[Black "Zielinski, Olgierd"]
[Result "1/2-1/2"]
[WhiteElo "1685"]
[BlackElo "1850"]
[PlyCount "41"]
[EventDate "2019.04.06"]
[EventType "swiss"]
[EventRounds "9"]
[EventCountry "GRE"]
[SourceTitle "EXT 2020"]
[Source "ChessBase"]
[SourceDate "2019.10.17"]
[SourceVersion "1"]
[SourceVersionDate "2019.10.17"]
[SourceQuality "1"]

1. d4 Nf6 2. Nf3 g6 3. Nc3 Bg7 4. e4 d6 5. Bf4 c6 6. Qd2 Qa5 7. e5 dxe5 8. Nxe5 Be6 9. Bc4 Bxc4 10. Nxc4 Qf5 11. 0-0 0-0 12. Rfe1 Nd5 13. Be5 Nd7 14. Bxg7 Kxg7 15. Ne3 Nxe3 16. Rxe3 e6 17. Rf3 Qa5 18. Qf4 Rae8 19. Re3 Nf6 20. Qh4 Qh5 21. Qxh5 1/2-1/2